[Event "Halden Spring B"]
[Site "Halden"]
[Date "2012.04.02"]
[Round "3"]
[White "Tosi, Valerio"]
[Black "Lauritsen, Tor"]
[Result "0-1"]
[WhiteElo "1179"]
[BlackElo "1226"]
[PlyCount "100"]
[EventDate "2012.04.02"]
[EventType "swiss"]
[EventRounds "5"]
[EventCountry "NOR"]
[SourceTitle "EXT 2024"]
[Source "ChessBase"]
[SourceDate "2023.10.10"]
[SourceVersion "1"]
[SourceVersionDate "2023.10.10"]
[SourceQuality "1"]

1. d4 d5 2. Nc3 Nf6 3. Bg5 e6 4. e4 Be7 5. e5 Nfd7 6. Bd2 Nc6 7. Nf3 0-0 8. h4 f5 9. Bg5 h6 10. Bxh6 gxh6 11. Qd2 Kh7 12. g4 fxg4 13. Bd3+ Kg7 14. Rg1 h5 15. Ng5 Nxd4 16. 0-0-0 Bxg5 17. hxg5 Nf3 18. Qe3 Qxg5 19. Qxg5+ Nxg5 20. Rh1 Nh3 21. Rdf1 Nxe5 22. Be2 Kh6 23. f3 gxf3 24. Bxf3 Nxf3 25. Rxh3 Ng5 26. Rxf8 Nxh3 27. Nb5 Bd7 28. Rxa8 Bxb5 29. Rxa7 Ba6 30. Ra8 Nf4 31. Kd2 Kg5 32. Ke3 e5 33. Rg8+ Ng6 34. Kf3 h4 35. b3 h3 36. Kg3 Bf1 37. Rg7 d4 38. Rxc7 Bg2 39. Rc5 Kf5 40. Rc7 Ke4 41. Rxb7 Ke3 42. Rf7 Nf4 43. Rf5 Ke4 44. Rg5 d3 45. cxd3+ Nxd3 46. a3 Kd4 47. Rg4+ e4 48. b4 Ne5 49. b5 Nxg4 50. b6 e3 0-1

[Event "Halden CC-ch"]
[Site "Halden"]
[Date "2012.01.24"]
[Round "3"]
[White "Samuelsen, Terje C"]
[Black "Lauritsen, Tor"]
[Result "1/2-1/2"]
[WhiteElo "1205"]
[BlackElo "1226"]
[PlyCount "46"]
[EventDate "2012.01.24"]
[EventType "swiss"]
[EventRounds "9"]
[EventCountry "NOR"]
[SourceTitle "EXT 2024"]
[Source "ChessBase"]
[SourceDate "2023.10.10"]
[SourceVersion "1"]
[SourceVersionDate "2023.10.10"]
[SourceQuality "1"]

1. Nc3 e5 2. Nf3 d6 3. e4 Bg4 4. Be2 Nf6 5. d4 Nbd7 6. h3 Bh5 7. dxe5 Nxe5 8. Nxe5 Bxe2 9. Qxe2 dxe5 10. Qb5+ Nd7 11. Qxb7 Qc8 12. Qxc8+ Rxc8 13. Be3 Nb6 14. Bxb6 cxb6 15. 0-0 Bc5 16. Nd5 0-0 17. c4 a5 18. b3 f5 19. exf5 Rxf5 20. Ne3 Rf7 21. Rad1 Rcf8 22. Ng4 Bd4 23. Ne3 h5 1/2-1/2

[Event "Halden Autumn"]
[Site "Halden"]
[Date "2011.??.??"]
[Round "6"]
[White "Lauritsen, Tor"]
[Black "Nordby, Bernt"]
[Result "0-1"]
[WhiteElo "1233"]
[BlackElo "2076"]
[PlyCount "84"]
[EventDate "2011.08.30"]
[EventType "swiss"]
[EventRounds "9"]
[EventCountry "NOR"]
[SourceTitle "EXT 2024"]
[Source "ChessBase"]
[SourceDate "2023.10.10"]
[SourceVersion "1"]
[SourceVersionDate "2023.10.10"]
[SourceQuality "1"]

1. e4 e6 2. Nc3 d5 3. exd5 exd5 4. d4 Bb4 5. Bd2 Nc6 6. Bb5 Nge7 7. Nge2 0-0 8. 0-0 Nf5 9. Be3 Re8 10. Qd3 Nxe3 11. fxe3 Qg5 12. Rf3 Bg4 13. Rg3 Bd6 14. Nf4 Nb4 15. Qd2 Rxe3 16. Nh3 Bxg3 17. Nxg5 Bf4 18. Nxf7 Rf8 19. Ne5 Rxe5 20. Qxf4 Rxf4 21. dxe5 c6 22. Ba4 Bf5 23. Re1 Nxc2 24. Bxc2 Bxc2 25. e6 Kf8 26. g3 Rf6 27. Re2 Bf5 28. e7+ Ke8 29. Re5 Bh3 30. Re1 Re6 31. Rxe6 Bxe6 32. Ne2 Kxe7 33. a3 Kd6 34. Kf2 Bg4 35. Nd4 Ke5 36. Ke3 c5 37. Nb3 b6 38. Nd2 d4+ 39. Kf2 Kd5 40. b3 b5 41. Ke1 c4 42. a4 c3 0-1

[Event "Halden Autumn"]
[Site "Halden"]
[Date "2011.??.??"]
[Round "4"]
[White "Rangoy, Helge"]
[Black "Lauritsen, Tor"]
[Result "1-0"]
[WhiteElo "1746"]
[BlackElo "1233"]
[PlyCount "31"]
[EventDate "2011.08.30"]
[EventType "swiss"]
[EventRounds "9"]
[EventCountry "NOR"]
[SourceTitle "EXT 2024"]
[Source "ChessBase"]
[SourceDate "2023.10.10"]
[SourceVersion "1"]
[SourceVersionDate "2023.10.10"]
[SourceQuality "1"]

1. e4 e5 2. Nf3 d6 3. d4 Bg4 4. dxe5 Bxf3 5. gxf3 dxe5 6. Qxd8+ Kxd8 7. Be3 Nd7 8. Nc3 Bb4 9. 0-0-0 Bxc3 10. bxc3 h6 11. Bh3 Ngf6 12. Rd2 Ke8 13. Rhd1 Rd8 14. f4 Ke7 15. fxe5 Nxe5 16. Bc5+ 1-0